| 000 | 00759nam a2200265Ia 4500 | ||
|---|---|---|---|
| 001 | 62704 | ||
| 003 | 135138 | ||
| 005 | 20241130070628.0 | ||
| 008 | ||||||n9999 ||| || || | ||
| 041 | _aspa | ||
| 100 |
_aCorrea Henao, Néstor Raúl _930001 |
||
| 245 | 0 |
_aManual de derecho comunitario europeo _buna lectura desde Colombia |
|
| 260 |
_aBogotá : _bFondo Editorial Cancillería de San Carlos, _c1997. |
||
| 300 | _a173p | ||
| 490 | _aAcademia | ||
| 562 | _e0 | ||
| 650 |
_aCOMUNIDAD EUROPEA _99883 |
||
| 650 |
_aDERECHO COMUNITARIO _910255 |
||
| 650 | 0 |
_aDerecho internacional _93831 |
|
| 650 |
_aINTEGRACION INTERNACIONAL _910147 |
||
| 650 |
_aMANUAL _9317 |
||
| 650 | 0 |
_aPolítica internacional _92881 |
|
| 942 | _cDOC | ||
| 942 | _cDOC | ||
| 999 |
_c62704 _d62704 |
||